Statistics for Warsaw Chopin Airport Destinations (Warsaw, Poland)

Click here to take the quiz!

General Stats

  • This quiz has been taken 57 times
  • The average score is 115 of 157

Answer Stats

AirlineDestination% Correct
KLM/LOT Polish AirlinesAmsterdam
100%
Corendon Airlines/Enter Air/LOT Polish Airlines/Smartwings/SunExpress/Turkish AirlinesAntalya
100%
Aer LingusDublin
100%
LOT Polish Airlines/LufthansaFrankfurt
100%
FinnairHelsinki
100%
TAP Air Portugal/Wizz AirLisbon
100%
British Airways/LOT Polish AirlinesLondon (Heathrow)
100%
Wizz AirLondon (Luton)
100%
LOT Polish Airlines/LufthansaMunich
100%
LOT Polish Airlines/Norwegian Air ShuttleOslo
100%
Qatar AirwaysDoha
98%
Emirates/Enter Air/flydubai/LOT Polish AirlinesDubai (International)
98%
LOT Polish Airlines/Scandinavian AirlinesStockholm (Arlanda)
98%
Wizz AirStockholm (Skavsta)
98%
Aegean AirlinesAthens
95%
LOT Polish AirlinesBerlin
95%
LOT Polish AirlinesCairo
95%
LOT Polish AirlinesHamburg
95%
LOT Polish Airlines/Wizz AirMadrid
95%
Wizz AirPorto
95%
LOT Polish AirlinesPrague
95%
Austrian Airlines/LOT Polish Airlines/RyanairVienna
95%
LOT Polish AirlinesZagreb
95%
LOT Polish Airlines/Wizz AirBarcelona
93%
Air China/LOT Polish AirlinesBeijing (Capital)
93%
LOT Polish AirlinesBeijing (Daxing)
93%
Brussels Airlines/LOT Polish AirlinesBrussels
93%
LOT Polish Airlines/Scandinavian Airlines/Wizz AirCopenhagen
93%
LOT Polish Airlines/Smartwings/Turkish AirlinesIstanbul
93%
LOT Polish AirlinesNew York (JFK)
93%
Air France/LOT Polish AirlinesParis (Charles de Gaulle)
93%
Wizz AirParis (Orly)
93%
Wizz AirRome (Fiumicino)
93%
LOT Polish Airlines/Swiss International Air LinesZurich
93%
LOT Polish Airlines/Wizz AirBudapest
90%
LOT Polish AirlinesChicago (O'Hare)
90%
LOT Polish Airlines/Wizz AirNice
90%
LOT Polish AirlinesGeneva
88%
LOT Polish AirlinesKrakow
88%
LOT Polish AirlinesLos Angeles
88%
LOT Polish AirlinesMilan (Malpensa)
88%
LOT Polish AirlinesRiga
88%
LOT Polish Airlines/Wizz AirTel Aviv
88%
LOT Polish Airlines/Wizz AirVenice
88%
LOT Polish AirlinesVilnius
88%
Pegasus AirlinesAnkara
86%
LOT Polish AirlinesBucharest
86%
LOT Polish Airlines/Smartwings/Wizz AirDubrovnik
86%
Enter Air/LOT Polish Airlines/SmartwingsIzmir
86%
LOT Polish AirlinesSofia
86%
LOT Polish AirlinesTokyo (Narita)
86%
Wizz AirBari
83%
LOT Polish AirlinesBelgrade
83%
Wizz AirBirmingham
83%
LOT Polish AirlinesDusseldorf
83%
LOT Polish Airlines/Wizz AirGothenburg
83%
Wizz AirNaples
83%
LOT Polish Airlines/Ryanair/Smartwings/Wizz AirPalma de Mallorca
83%
LOT Polish AirlinesStuttgart
83%
LOT Polish AirlinesTallinn
83%
LOT Polish AirlinesToronto (Pearson)
83%
LOT Polish AirlinesWroclaw
83%
LOT Polish AirlinesBaku
81%
LOT Polish AirlinesGdansk
81%
Wizz AirMalaga
81%
LOT Polish AirlinesMiami
81%
LOT Polish AirlinesPoznan
81%
Play/Wizz AirReykjavik
81%
LOT Polish AirlinesTbilisi
81%
Enter Air/LOT Polish Airlines/Smartwings/Wizz AirTirana
81%
Wizz AirValencia
81%
LOT Polish AirlinesDelhi
79%
Enter Air/Smartwings/Wizz AirHeraklion
79%
LOT Polish AirlinesKatowice
79%
Wizz AirLarnaca
79%
SmartwingsPalermo
79%
Wizz AirSeville
79%
LOT Polish Airlines/Smartwings/Wizz AirSplit
79%
Ryanair/Wizz AirAlicante
76%
LOT Polish AirlinesBeirut
76%
LOT Polish Airlines/Smartwings/Wizz AirCorfu
76%
Enter Air/SmartwingsKos
76%
LOT Polish AirlinesMumbai
76%
LOT Polish AirlinesSeoul (Incheon)
76%
LOT Polish AirlinesSkopje
76%
LOT Polish AirlinesBangkok (Suvarnabhumi)
74%
Wizz AirBologna
74%
Wizz AirBasel/Mulhouse
71%
Wizz AirLiverpool
71%
LOT Polish AirlinesLublin
71%
Wizz AirMalta
71%
Wizz AirMarrakesh
71%
LOT Polish AirlinesNewark
71%
LOT Polish Airlines/Smartwings/Wizz AirRhodes
71%
LOT Polish AirlinesYerevan
71%
LOT Polish AirlinesBillund
69%
LOT Polish AirlinesChisinau
69%
Wizz AirEindhoven
69%
SmartwingsFaro
69%
Enter AirGran Canaria
69%
Enter Air/SmartwingsHurghada
69%
Wizz AirLeeds/Bradford
69%
Wizz AirMalmo
69%
LOT Polish Airlines/Smartwings/Wizz AirPodgorica
69%
Enter AirSal
69%
LOT Polish AirlinesSarajevo
69%
LOT Polish AirlinesSzczecin
69%
Wizz AirTenerife (South)
69%
LOT Polish AirlinesAstana
67%
Wizz AirBilbao
67%
LOT Polish AirlinesCancun
67%
LOT Polish AirlinesCluj-Napoca
67%
Enter Air/Smartwings/Wizz AirFunchal
67%
LOT Polish AirlinesLjubljana
67%
LOT Polish AirlinesLuxembourg
67%
Enter Air/LOT Polish Airlines/Smartwings/Wizz AirBurgas
64%
Smartwings/Wizz AirCatania
64%
Smartwings/Wizz AirSantorini
64%
Enter Air/Smartwings/Wizz AirFuerteventura
62%
SmartwingsLanzarote
62%
LOT Polish AirlinesOstrava
62%
Enter Air/RyanairPaphos
62%
Wizz AirVerona
62%
Wizz AirBergamo
60%
Wizz AirChania
60%
Wizz AirOlbia
60%
Enter AirSharm El Sheikh
60%
Wizz AirZakynthos
60%
Enter Air/LOT Polish Airlines/SmartwingsBodrum
57%
Ryanair/Wizz AirCharleroi
57%
LOT Polish AirlinesColombo (Bandaranaike)
57%
LOT Polish AirlinesRzeszow
57%
Smartwings/Wizz AirAgadir
55%
LOT Polish AirlinesMale
55%
LOT Polish AirlinesPhuket
55%
LOT Polish AirlinesPunta Cana
55%
LOT Polish AirlinesTashkent
55%
Enter Air/LOT Polish AirlinesZanzibar
52%
LOT Polish AirlinesBydgoszcz
50%
LOT Polish AirlinesKosice
50%
Enter AirDalaman
48%
Wizz AirKutaisi
48%
Enter AirMarsa Alam
48%
LOT Polish AirlinesStrasbourg
43%
LOT Polish AirlinesZielona Gora
40%
Wizz AirAqaba
36%
LOT Polish AirlinesVaradero
36%
LOT Polish Airlines/SmartwingsGirona
33%
LOT Polish AirlinesPuerto Plata
29%
Enter Air/SmartwingsEnfidha
26%
LOT Polish AirlinesKrabi
26%
Wizz AirGrenoble
24%
Wizz AirSandefjord
21%
LOT Polish AirlinesSalvador da Bahia
19%
LOT Polish AirlinesNosy Be
17%
LOT Polish AirlinesPhu Quoc
14%
LOT Polish AirlinesPorlamar
10%

Score Distribution

Percentile by Number Answered

Percent of People with Each Score

Your Score History

You have not taken this quiz